Bandeiras dos municípios do Amapá - Statistics

Estatísticas Gerais
  • Esse quiz foi jogado 3 vezes
  • A pontuação média é 11 de 16
Estatísticas das Respostas
Imagem Resposta % Correto
Macapá
100%
Pedra Branca do Amapari
100%
Pracuúba
100%
Amapá
67%
Calçoene
67%
Cutias
67%
Ferreira Gomes
67%
Itaubal
67%
Laranjal do Jari
67%
Porto Grande
67%
Santana
67%
Serra do Navio
67%
Tartarugalzinho
67%
Vitória do Jari
67%
Mazagão
33%
Oiapoque
33%
Nenhum quiz correspondente encontrado
Distribuição das Pontuações
Porcentagem de Pessoas com Cada Pontuação
Percentil de Números Respondidos
Sua Pontuação Histórica
Você não jogou esse quiz